000 00519nam a2200205 a 4500
001 BRCA_7893
005 20190320210036.0
008 060214s1964----enka######---#000-0#eng-#
041 _aeng
044 _aenk
050 4 _aNK7106
_b.T39 1964
100 1 _aTaylor, Gerald
_910493
245 1 0 _aSilver through the ages
_cGerald Taylor.
260 _aLondres
_bcassell
_c1964
300 _a302 p.
_bil., 64 láminas
_c21 cm.
500 _aY166
650 1 4 _aPlatería
_xHistoria
_92975
902 _aGFM
942 _2lcc
_cB
999 _c7565
_d7565